[Event "SWE-chT 0708"]
[Site "Sweden"]
[Date "2008.03.08"]
[Round "10"]
[White "Dzevlan, Miralem"]
[Black "Penalver, Osmani"]
[Result "0-1"]
[WhiteElo "2454"]
[BlackElo "2280"]
[PlyCount "98"]
[EventDate "2007.10.19"]
[EventType "team-tourn"]
[EventRounds "11"]
[EventCountry "SWE"]
[SourceTitle "EXT 2009"]
[Source "ChessBase"]
[SourceDate "2008.11.26"]
[SourceVersion "1"]
[SourceVersionDate "2008.11.26"]
[SourceQuality "1"]
[WhiteTeam "Sollentuna"]
[BlackTeam "Limhamn"]
[WhiteTeamCountry "SWE"]
[BlackTeamCountry "SWE"]

1. d4 Nf6 2. c4 e6 3. Nc3 Bb4 4. Qc2 0-0 5. a3 Bxc3+ 6. Qxc3 Ne4 7. Qc2 f5 8. g3 b6 9. Bg2 Bb7 10. Nf3 Nf6 11. 0-0 Be4 12. Qc3 Qe8 13. Rd1 d6 14. Bf1 Bb7 15. Bg2 Be4 16. Bf1 Bb7 17. Nh4 Qh5 18. f3 f4 19. Ng2 fxg3 20. hxg3 Qg6 21. g4 Nbd7 22. Qd3 Qf7 23. Bg5 e5 24. Bxf6 Qxf6 25. d5 Rae8 26. Qe4 Qh6 27. Qe3 Qxe3+ 28. Nxe3 e4 29. Kf2 Ne5 30. Bg2 Bc8 31. g5 Bg4 32. Nxg4 Nxg4+ 33. Kg3 Ne3 34. Rg1 Nxg2 35. Rxg2 exf3 36. exf3 Re5 37. Kf2 Rf4 38. Rc1 Kf7 39. g6+ hxg6 40. Rc2 Kf6 41. b3 g5 42. Re2 g4 43. Rxg4 Rxe2+ 44. Kxe2 Rxg4 45. fxg4 Ke5 46. Ke3 a6 47. Kf3 b5 48. Ke3 bxc4 49. bxc4 a5 0-1

[Event "SWE-chT 0607"]
[Site "Sweden"]
[Date "2006.11.19"]
[Round "5"]
[White "Dzevlan, Miralem"]
[Black "Wedberg, Tom"]
[Result "0-1"]
[WhiteElo "2453"]
[BlackElo "2539"]
[PlyCount "56"]
[EventDate "2006.10.20"]
[EventType "team-tourn"]
[EventRounds "11"]
[EventCountry "SWE"]
[SourceTitle "EXT 2009"]
[Source "ChessBase"]
[SourceDate "2008.11.26"]
[SourceVersion "1"]
[SourceVersionDate "2008.11.26"]
[SourceQuality "1"]
[WhiteTeam "Sollentuna"]
[BlackTeam "Wasa"]
[WhiteTeamCountry "SWE"]
[BlackTeamCountry "SWE"]

1. d4 Nf6 2. c4 e6 3. Nf3 c5 4. d5 d6 5. Nc3 exd5 6. cxd5 g6 7. e4 a6 8. a4 Bg4 9. Qb3 Bxf3 10. Qxb7 Nbd7 11. gxf3 Bg7 12. Qb3 0-0 13. Be2 Nh5 14. f4 Qh4 15. Bxh5 Qxh5 16. Ne2 Rfe8 17. Ng3 Qh3 18. Qc4 Nb6 19. Qf1 Qh4 20. Qd3 c4 21. Qf3 Qh3 22. Be3 Rab8 23. Ra2 Nd7 24. Ke2 Bxb2 25. Nf1 Qh4 26. Nd2 Rec8 27. Re1 c3 28. Nf1 Qf6 0-1

[Event "SWE-chT 0607"]
[Site "Sweden"]
[Date "2006.10.22"]
[Round "3"]
[White "Dzevlan, Miralem"]
[Black "Dahlstrom, Rickard"]
[Result "1-0"]
[WhiteElo "2453"]
[BlackElo "2057"]
[PlyCount "81"]
[EventDate "2006.10.20"]
[EventType "team-tourn"]
[EventRounds "11"]
[EventCountry "SWE"]
[SourceTitle "EXT 2009"]
[Source "ChessBase"]
[SourceDate "2008.11.26"]
[SourceVersion "1"]
[SourceVersionDate "2008.11.26"]
[SourceQuality "1"]
[WhiteTeam "Sollentuna"]
[BlackTeam "Skara"]
[WhiteTeamCountry "SWE"]
[BlackTeamCountry "SWE"]

1. d4 d5 2. c4 c6 3. Nc3 Nf6 4. Nf3 e6 5. Qb3 Nbd7 6. g3 Be7 7. Bg2 0-0 8. 0-0 Re8 9. Rd1 Qa5 10. Bf4 Bf8 11. h3 dxc4 12. Qxc4 Nd5 13. Bd2 N7b6 14. Qb3 Qb4 15. Qc2 Qe7 16. Ne4 f5 17. Nc5 Qc7 18. e4 fxe4 19. Nxe4 Nd7 20. Re1 Bd6 21. Re2 Nf8 22. Rae1 Bd7 23. Nc5 Red8 24. Ng5 Bxc5 25. dxc5 Bc8 26. Ne4 b6 27. Bg5 Rd7 28. Nd6 Rxd6 29. cxd6 Qxd6 30. Qa4 Qd7 31. h4 b5 32. Qc2 a5 33. Be3 b4 34. Bc5 Ba6 35. Re4 Ng6 36. Bh3 Nc7 37. Qd1 Qxd1 38. Rxd1 Bc8 39. Rd6 Nb5 40. Rxc6 Bd7 41. Bxe6+ 1-0

[Event "SWE-chT 0607"]
[Site "Sweden"]
[Date "2006.10.20"]
[Round "1"]
[White "Dzevlan, Miralem"]
[Black "Kinnmark, Ove"]
[Result "1-0"]
[WhiteElo "2453"]
[BlackElo "2264"]
[PlyCount "107"]
[EventDate "2006.10.20"]
[EventType "team-tourn"]
[EventRounds "11"]
[EventCountry "SWE"]
[SourceTitle "EXT 2009"]
[Source "ChessBase"]
[SourceDate "2008.11.26"]
[SourceVersion "1"]
[SourceVersionDate "2008.11.26"]
[SourceQuality "1"]
[WhiteTeam "Sollentuna"]
[BlackTeam "Manhem"]
[WhiteTeamCountry "SWE"]
[BlackTeamCountry "SWE"]

1. d4 Nf6 2. c4 e6 3. Nf3 Bb4+ 4. Nbd2 0-0 5. a3 Bxd2+ 6. Bxd2 d6 7. Bg5 Qe7 8. e3 e5 9. Be2 Re8 10. 0-0 Nbd7 11. d5 h6 12. Bh4 Nf8 13. Nd2 Ng6 14. Bg3 a5 15. b4 Bf5 16. f3 h5 17. Nb3 b6 18. bxa5 bxa5 19. Be1 a4 20. Na5 Bd7 21. Rc1 Nh7 22. c5 Qg5 23. Nc4 dxc5 24. Kh1 Nhf8 25. Bf2 Bb5 26. Nd2 Bxe2 27. Qxe2 Nd7 28. Ne4 Qe7 29. Qc2 Nb6 30. Qxc5 Qxc5 31. Rxc5 Red8 32. Nc3 Rd7 33. e4 Rb8 34. Rb1 Ne7 35. Nxa4 Ra8 36. Nxb6 cxb6 37. Rc3 Nc8 38. g3 Rda7 39. Rbb3 g6 40. Kg2 Kg7 41. h3 Kf8 42. g4 hxg4 43. hxg4 g5 44. Be3 f6 45. Bxb6 Nxb6 46. Rxb6 Kg7 47. Rcc6 Rf8 48. Ra6 Rb7 49. Kg3 Rb2 50. Ra7+ Rf7 51. Rcc7 Rxc7 52. Rxc7+ Kf8 53. a4 Ra2 54. Ra7 1-0

[Event "SWE-chT 0304"]
[Site "Sweden"]
[Date "2004.??.??"]
[Round "7"]
[White "Andersson, Mats"]
[Black "Dzevlan, Miralem"]
[Result "1/2-1/2"]
[WhiteElo "2341"]
[BlackElo "2464"]
[PlyCount "91"]
[EventDate "2003.10.??"]
[EventType "team-tourn"]
[EventRounds "11"]
[EventCountry "SWE"]
[SourceTitle "EXT 2005"]
[Source "ChessBase"]
[SourceDate "2004.11.15"]
[SourceVersion "1"]
[SourceVersionDate "2004.11.15"]
[SourceQuality "1"]
[WhiteTeam "Passanten"]
[BlackTeam "Sollentuna"]
[WhiteTeamCountry "SWE"]
[BlackTeamCountry "SWE"]

1. d4 Nf6 2. Nf3 e6 3. Bf4 c5 4. c3 Be7 5. h3 b6 6. e3 Bb7 7. Nbd2 0-0 8. Bd3 d5 9. Ne5 Nc6 10. 0-0 Nd7 11. Nxc6 Bxc6 12. Qe2 Bf6 13. Nf3 Re8 14. Rad1 Qc8 15. Bg5 Bxg5 16. Nxg5 h6 17. Nf3 Qc7 18. e4 dxe4 19. Bxe4 Rad8 20. Bxc6 Qxc6 21. dxc5 Nxc5 22. Nd4 Qa8 23. Nb5 Qb8 24. Rxd8 Rxd8 25. Rd1 a6 26. Nd4 b5 27. Nb3 Na4 28. Rxd8+ Qxd8 29. Nc1 Qd5 30. Qc2 Qc6 31. Qd2 e5 32. Ne2 Qe4 33. b3 Nc5 34. Nc1 Ne6 35. f3 Qb1 36. Kh2 e4 37. fxe4 Qxe4 38. Ne2 h5 39. Nd4 Nf4 40. Nf3 Nd3 41. Qg5 g6 42. Qf6 Qe3 43. Qxa6 Qf4+ 44. Kg1 Qe3+ 45. Kh2 Qf4+ 46. Kg1 1/2-1/2

[Event "SWE-chT 0405"]
[Site "Sweden"]
[Date "2004.??.??"]
[Round "3"]
[White "Tallinger, Thomas"]
[Black "Dzevlan, Miralem"]
[Result "1/2-1/2"]
[WhiteElo "2202"]
[BlackElo "2464"]
[PlyCount "105"]
[EventDate "2004.11.05"]
[EventType "team-tourn"]
[EventRounds "11"]
[EventCountry "SWE"]
[SourceTitle "EXT 2006"]
[Source "ChessBase"]
[SourceDate "2005.11.24"]
[SourceVersion "1"]
[SourceVersionDate "2005.11.24"]
[SourceQuality "1"]
[WhiteTeam "Astorp"]
[BlackTeam "Sollentuna"]
[WhiteTeamCountry "SWE"]
[BlackTeamCountry "SWE"]

1. e4 c5 2. Nf3 e6 3. d4 cxd4 4. Nxd4 Nc6 5. Nb5 d6 6. c4 Nf6 7. N1c3 a6 8. Na3 Be7 9. Be2 0-0 10. Be3 b6 11. 0-0 Qc7 12. Rc1 Ne5 13. f4 Ned7 14. Bf3 Bb7 15. Qe2 Rac8 16. g4 h6 17. h4 Nh7 18. g5 hxg5 19. hxg5 g6 20. Qg2 Qd8 21. Bg4 Re8 22. Qh3 Ndf8 23. Rc2 b5 24. cxb5 axb5 25. Naxb5 Bxe4 26. Rh2 Bd3 27. Rd1 Bxb5 28. Nxb5 Qa5 29. Nd4 Bd8 30. a3 Bb6 31. Rhd2 Rb8 32. Nc6 Bxe3+ 33. Qxe3 Qb6 34. Qxb6 Rxb6 35. Rxd6 Rxb2 36. Rd8 Rxd8 37. Rxd8 Rc2 38. Ne5 Rc5 39. Nd3 Rc3 40. a4 Ra3 41. Rd4 f6 42. gxf6 Kf7 43. Bf3 Kxf6 44. Bc6 g5 45. Bb5 Ra2 46. Nb4 Ra1+ 47. Kf2 Ng6 48. fxg5+ Nxg5 49. Nc6 Ne7 50. Nxe7 Kxe7 51. Rd7+ Kf6 52. Ke3 Ke5 53. Kd3 1/2-1/2

[Event "SWE-chT 0203"]
[Site "Sweden"]
[Date "2003.03.16"]
[Round "11"]
[White "Dzevlan, Miralem"]
[Black "Baumbach, Friedrich"]
[Result "1-0"]
[WhiteElo "2389"]
[BlackElo "2316"]
[PlyCount "161"]
[EventDate "2002.10.11"]
[EventType "team-tourn"]
[EventRounds "11"]
[EventCountry "SWE"]
[SourceTitle "EXT 2004"]
[Source "ChessBase"]
[SourceDate "2003.11.25"]
[SourceVersion "1"]
[SourceVersionDate "2003.11.25"]
[SourceQuality "1"]
[WhiteTeam "Sollentuna"]
[BlackTeam "Lund"]
[WhiteTeamCountry "SWE"]
[BlackTeamCountry "SWE"]

1. d4 d5 2. c4 e6 3. Nc3 Nf6 4. Nf3 Be7 5. Bg5 0-0 6. e3 h6 7. Bh4 Ne4 8. Bxe7 Qxe7 9. Qc2 Nxc3 10. Qxc3 c6 11. Be2 Nd7 12. 0-0 dxc4 13. Bxc4 b6 14. b4 Bb7 15. Be2 a5 16. a3 Nf6 17. Qb2 Nd5 18. bxa5 Rxa5 19. Bc4 Ba6 20. Bxa6 Rxa6 21. Ne5 Rc8 22. Rfc1 c5 23. h3 Rc7 24. dxc5 Rxc5 25. Rxc5 Qxc5 26. Rc1 Qxa3 27. Rc8+ Kh7 28. Qc2+ g6 29. Nxf7 Ra8 30. e4 Nf6 31. Rc7 Ne8 32. Rb7 Ng7 33. Qc7 Qa1+ 34. Kh2 Qf6 35. Qg3 Rf8 36. Nd6 e5 37. Rd7 Qe6 38. Qg4 Qxg4 39. hxg4 Rb8 40. Nb5 Rf8 41. f3 Rf6 42. Nc3 Re6 43. Nd5 Kg8 44. Rb7 Ne8 45. Nxb6 Nd6 46. Rb8+ Kg7 47. Nd7 Nf7 48. Rb5 Re7 49. Rd5 Re6 50. Kg3 Re7 51. Kf2 Re6 52. Ke3 Re7 53. g3 g5 54. Kd3 Re8 55. Kc4 Re7 56. Kb5 Re6 57. Kc5 Re8 58. Kb6 Re6+ 59. Kc7 Re7 60. Ra5 Re6 61. Rd5 Re7 62. Kc6 Re6+ 63. Kc5 Re8 64. Kc4 Re7 65. Kd3 Re8 66. Ke3 Re7 67. f4 exf4+ 68. gxf4 gxf4+ 69. Kxf4 Ng5 70. Nc5 Rf7+ 71. Ke5 Nf3+ 72. Kd6 Rf6+ 73. Ne6+ Kg6 74. Rf5 Nh2 75. Ke7 Rxe6+ 76. Kxe6 Nxg4 77. Rf8 h5 78. Rg8+ Kh7 79. Rg5 Kh6 80. Kf5 Ne3+ 81. Kf4 1-0

[Event "SWE-chT 0203"]
[Site "Sweden"]
[Date "2003.03.15"]
[Round "10"]
[White "Eriksson, Magnus2"]
[Black "Dzevlan, Miralem"]
[Result "1/2-1/2"]
[WhiteElo "2322"]
[BlackElo "2389"]
[PlyCount "100"]
[EventDate "2002.10.11"]
[EventType "team-tourn"]
[EventRounds "11"]
[EventCountry "SWE"]
[SourceTitle "EXT 2004"]
[Source "ChessBase"]
[SourceDate "2003.11.25"]
[SourceVersion "1"]
[SourceVersionDate "2003.11.25"]
[SourceQuality "1"]
[WhiteTeam "Limhamn"]
[BlackTeam "Sollentuna"]
[WhiteTeamCountry "SWE"]
[BlackTeamCountry "SWE"]

1. Nf3 g6 2. c4 Bg7 3. Nc3 c5 4. d4 cxd4 5. Nxd4 Nc6 6. Nb3 Nf6 7. g3 d6 8. Bg2 0-0 9. 0-0 Be6 10. Nd5 Rc8 11. Bg5 Ne5 12. Nd4 Bxd5 13. cxd5 Qb6 14. b3 h6 15. Bc1 Ned7 16. Bb2 Rc7 17. Nc2 Rfc8 18. Ne3 Ne8 19. Bxg7 Kxg7 20. Qd2 Nef6 21. h3 a5 22. Nc4 Qb4 23. Qe3 a4 24. Rfb1 axb3 25. axb3 Nc5 26. Bf3 b5 27. Na5 Ra8 28. Nc6 Rxa1 29. Rxa1 Qxb3 30. Qd4 Na4 31. Kg2 Nc5 32. Ra8 Qc4 33. Qa1 Na4 34. Rb8 h5 35. h4 Qc5 36. e4 Nc3 37. Qa8 Ncxe4 38. Bxe4 Nxe4 39. Rg8+ Kh7 40. Rh8+ Kg7 41. Rg8+ Kf6 42. Rxg6+ Kf5 43. Qg8 Qxf2+ 44. Kh3 Qf1+ 45. Kh2 Qe2+ 46. Kg1 Qd1+ 47. Kh2 Qc2+ 48. Kg1 Qd1+ 49. Kh2 Qe2+ 50. Kg1 Qe1+ 1/2-1/2

[Event "SWE-chT 0203"]
[Site "Sweden"]
[Date "2003.03.14"]
[Round "9"]
[White "Andersson, Goran"]
[Black "Dzevlan, Miralem"]
[Result "0-1"]
[WhiteElo "2205"]
[BlackElo "2389"]
[PlyCount "80"]
[EventDate "2002.10.11"]
[EventType "team-tourn"]
[EventRounds "11"]
[EventCountry "SWE"]
[SourceTitle "EXT 2004"]
[Source "ChessBase"]
[SourceDate "2003.11.25"]
[SourceVersion "1"]
[SourceVersionDate "2003.11.25"]
[SourceQuality "1"]
[WhiteTeam "Skara"]
[BlackTeam "Sollentuna"]
[WhiteTeamCountry "SWE"]
[BlackTeamCountry "SWE"]

1. Nf3 g6 2. c4 Bg7 3. Nc3 c5 4. g3 Nc6 5. Bg2 e6 6. e3 Nge7 7. 0-0 Nf5 8. Ne2 Qb6 9. d3 0-0 10. Rb1 d5 11. a3 dxc4 12. dxc4 Rd8 13. Qc2 Bd7 14. Bd2 Qa6 15. Rfc1 Be8 16. Bc3 e5 17. b4 Qxc4 18. b5 Ncd4 19. exd4 exd4 20. Nd2 Qxe2 21. Re1 Qh5 22. Ba5 Rd7 23. Bf3 Qh3 24. Qxc5 Nd6 25. a4 b6 26. Qa3 Rc8 27. Bb4 Bh6 28. Bc6 Rdd8 29. Rxe8+ Nxe8 30. Be7 Bxd2 31. Rd1 Bh6 32. Re1 Nc7 33. Re4 Bf8 34. Bxf8 Rxf8 35. Rxd4 Ne6 36. Rh4 Qf5 37. Be4 Qf6 38. Qe3 Rcd8 39. Kg2 Rd4 40. f4 Rfd8 0-1

[Event "SWE-chT 0203"]
[Site "Sweden"]
[Date "2003.03.01"]
[Round "8"]
[White "Dzevlan, Miralem"]
[Black "Bjork, Carl Magnus"]
[Result "0-1"]
[WhiteElo "2389"]
[BlackElo "2476"]
[PlyCount "116"]
[EventDate "2002.10.11"]
[EventType "team-tourn"]
[EventRounds "11"]
[EventCountry "SWE"]
[SourceTitle "EXT 2004"]
[Source "ChessBase"]
[SourceDate "2003.11.25"]
[SourceVersion "1"]
[SourceVersionDate "2003.11.25"]
[SourceQuality "1"]
[WhiteTeam "Sollentuna"]
[BlackTeam "Stockholm Rockaden"]
[WhiteTeamCountry "SWE"]
[BlackTeamCountry "SWE"]

1. d4 Nf6 2. c4 e6 3. Nf3 Bb4+ 4. Nbd2 b6 5. g3 Bb7 6. Bg2 0-0 7. 0-0 c5 8. dxc5 Bxc5 9. a3 Re8 10. b4 Bf8 11. Bb2 d6 12. Rc1 Nbd7 13. Qb3 Qc7 14. Rfe1 a6 15. e4 Rac8 16. Qe3 h6 17. h3 Red8 18. Nh2 Bc6 19. g4 e5 20. Nhf1 Qb8 21. Ng3 g6 22. Ne2 b5 23. cxb5 axb5 24. Nc3 Bg7 25. Nb3 Nb6 26. Na5 Be8 27. Nd5 Nfxd5 28. exd5 Nc4 29. Nxc4 Rxc4 30. Bf1 Rxc1 31. Rxc1 Qb7 32. Bg2 Bd7 33. Rc2 Rc8 34. Rxc8+ Bxc8 35. g5 hxg5 36. Qxg5 Qc7 37. Bf1 Bd7 38. Qd2 Kh7 39. Bc1 Qd8 40. Qc3 e4 41. Qg3 Be5 42. Bf4 Bxf4 43. Qxf4 Qe7 44. Bg2 f5 45. Qc1 Be8 46. Bf1 Kg7 47. Qc3+ Qe5 48. Qc7+ Kh6 49. Qd8 f4 50. Qh4+ Kg7 51. Qg4 f3 52. Qc8 e3 53. Qc7+ Bf7 54. fxe3 Qxe3+ 55. Kh1 Qf2 56. Qc3+ Kh7 57. Qc1 Bxd5 58. Qc7+ Kh6 0-1

[Event "SWE-chT 0304"]
[Site "Sweden"]
[Date "2003.??.??"]
[Round "4"]
[White "Furhoff, Johan"]
[Black "Dzevlan, Miralem"]
[Result "1-0"]
[WhiteElo "2424"]
[BlackElo "2476"]
[PlyCount "49"]
[EventDate "2003.10.??"]
[EventType "team-tourn"]
[EventRounds "11"]
[EventCountry "SWE"]
[SourceTitle "EXT 2005"]
[Source "ChessBase"]
[SourceDate "2004.11.15"]
[SourceVersion "1"]
[SourceVersionDate "2004.11.15"]
[SourceQuality "1"]
[WhiteTeam "Sodra"]
[BlackTeam "Sollentuna"]
[WhiteTeamCountry "SWE"]
[BlackTeamCountry "SWE"]

1. e4 c5 2. Nf3 e6 3. d4 cxd4 4. Nxd4 Nc6 5. Nc3 Qc7 6. Be3 Nf6 7. Bd3 a6 8. 0-0 Bd6 9. Nxc6 dxc6 10. f4 e5 11. f5 b5 12. Qf3 h5 13. h3 Nd7 14. Qg3 Kf8 15. a4 b4 16. Nb1 Bc5 17. Bxc5+ Nxc5 18. Nd2 h4 19. Qf2 Nd7 20. Kh1 a5 21. Nf3 Qd8 22. Rad1 Qe7 23. Bc4 Rh6 24. Rd2 Qc5 25. Rxd7 1-0

[Event "SWE-chT 0102"]
[Site "Sweden"]
[Date "2002.03.17"]
[Round "11"]
[White "Semcesen, Daniel"]
[Black "Dzevlan, Miralem"]
[Result "0-1"]
[WhiteElo "2070"]
[BlackElo "2447"]
[PlyCount "72"]
[EventDate "2001.10.12"]
[EventType "team-tourn"]
[EventRounds "11"]
[EventCountry "SWE"]
[SourceTitle "EXT 2003"]
[Source "ChessBase"]
[SourceDate "2002.11.25"]
[SourceVersion "1"]
[SourceVersionDate "2002.11.25"]
[SourceQuality "1"]
[WhiteTeam "Lunds"]
[BlackTeam "Sollentuna"]
[WhiteTeamCountry "SWE"]
[BlackTeamCountry "SWE"]

1. e4 c5 2. d3 Nc6 3. Nf3 g6 4. g3 Bg7 5. Bg2 d6 6. 0-0 e5 7. c3 Nge7 8. a3 0-0 9. b4 h6 10. Bb2 Be6 11. Nbd2 b5 12. Ne1 Qb6 13. Nc2 Rad8 14. Qe2 f5 15. Ne3 cxb4 16. axb4 d5 17. exd5 Nxd5 18. Nxd5 Bxd5 19. Bxd5+ Rxd5 20. Nb3 Re8 21. Bc1 Qd8 22. Rd1 e4 23. d4 g5 24. Nc5 Qb8 25. Ra6 Rd6 26. h4 f4 27. Qg4 e3 28. fxe3 fxe3 29. Re1 gxh4 30. Rxe3 Rxe3 31. Bxe3 Qe8 32. Qe4 Qxe4 33. Nxe4 Re6 34. Bf4 Nxd4 35. Rxa7 Ne2+ 36. Kf2 Nxf4 0-1

[Event "SWE-chT 0102"]
[Site "Sweden"]
[Date "2002.01.19"]
[Round "6"]
[White "Dzevlan, Miralem"]
[Black "Winge, Stefan"]
[Result "1-0"]
[WhiteElo "2447"]
[BlackElo "2307"]
[PlyCount "67"]
[EventDate "2001.10.12"]
[EventType "team-tourn"]
[EventRounds "11"]
[EventCountry "SWE"]
[SourceTitle "EXT 2003"]
[Source "ChessBase"]
[SourceDate "2002.11.25"]
[SourceVersion "1"]
[SourceVersionDate "2002.11.25"]
[SourceQuality "1"]
[WhiteTeam "Sollentuna"]
[BlackTeam "Sodra"]
[WhiteTeamCountry "SWE"]
[BlackTeamCountry "SWE"]

1. d4 Nf6 2. c4 g6 3. Nc3 d5 4. cxd5 Nxd5 5. e4 Nxc3 6. bxc3 Bg7 7. Be3 c5 8. Qd2 Qa5 9. Rb1 a6 10. Rc1 b5 11. Nf3 Bb7 12. d5 Nd7 13. Bd3 h6 14. 0-0 Kf8 15. c4 b4 16. Bf4 g5 17. Bg3 Bc3 18. Qe2 Re8 19. e5 e6 20. d6 Rb8 21. Rc2 Qd8 22. Be4 a5 23. Bxb7 Rxb7 24. Qe4 Rb6 25. h4 a4 26. Rb1 a3 27. Nd2 Kg7 28. Nf3 f5 29. exf6+ Qxf6 30. Rxc3 Qxc3 31. Ne5 Nf8 32. d7 Rd6 33. Nc6 Qd3 34. Be5+ 1-0

[Event "SWE-chT 0102"]
[Site "Sweden"]
[Date "2001.11.10"]
[Round "4"]
[White "Saad, Aljaderi"]
[Black "Dzevlan, Miralem"]
[Result "0-1"]
[WhiteElo "2230"]
[BlackElo "2447"]
[PlyCount "84"]
[EventDate "2001.10.12"]
[EventType "team-tourn"]
[EventRounds "11"]
[EventCountry "SWE"]
[SourceTitle "EXT 2003"]
[Source "ChessBase"]
[SourceDate "2002.11.25"]
[SourceVersion "1"]
[SourceVersionDate "2002.11.25"]
[SourceQuality "1"]
[WhiteTeam "Eskilstuna"]
[BlackTeam "Sollentuna"]
[WhiteTeamCountry "SWE"]
[BlackTeamCountry "SWE"]

1. e4 c5 2. Nf3 Nc6 3. d4 cxd4 4. Nxd4 Nf6 5. Nc3 d6 6. Bg5 e6 7. Qd2 a6 8. Be2 h6 9. Bh4 Be7 10. 0-0-0 g5 11. Bg3 Ne5 12. h4 Rg8 13. hxg5 hxg5 14. Rh6 Qc7 15. Nf3 Nxf3 16. Bxf3 e5 17. Be2 Be6 18. f3 Rd8 19. Qe1 b5 20. a3 Qb7 21. Bd3 Rb8 22. Kd2 Qc6 23. Qf1 Nd7 24. Ke1 Nb6 25. Nd5 Nc4 26. Nb4 Qc8 27. Bxc4 bxc4 28. Rb1 a5 29. Na2 c3 30. b3 a4 31. Rxe6 fxe6 32. b4 g4 33. Qd3 gxf3 34. Qxf3 Qc4 35. Nxc3 Rc8 36. Ne2 Qa2 37. Rd1 Rxc2 38. Qh5+ Kd7 39. Qxe5 Rxe2+ 40. Kf1 Rf8+ 41. Kg1 Rxg2+ 42. Kh1 Rf1+ 0-1

[Event "SWE-chT 0102"]
[Site "Sweden"]
[Date "2001.10.14"]
[Round "3"]
[White "Eklund, Lars Goran"]
[Black "Dzevlan, Miralem"]
[Result "0-1"]
[WhiteElo "2283"]
[BlackElo "2447"]
[PlyCount "100"]
[EventDate "2001.10.12"]
[EventType "team-tourn"]
[EventRounds "11"]
[EventCountry "SWE"]
[SourceTitle "EXT 2003"]
[Source "ChessBase"]
[SourceDate "2002.11.25"]
[SourceVersion "1"]
[SourceVersionDate "2002.11.25"]
[SourceQuality "1"]
[WhiteTeam "Skara"]
[BlackTeam "Sollentuna"]
[WhiteTeamCountry "SWE"]
[BlackTeamCountry "SWE"]

1. Nf3 c5 2. c4 Nf6 3. Nc3 e6 4. e4 Nc6 5. d4 cxd4 6. Nxd4 Bb4 7. f3 d5 8. cxd5 exd5 9. Qa4 0-0 10. Nxc6 Bxc3+ 11. bxc3 bxc6 12. Ba3 Re8 13. 0-0-0 Qb6 14. Bd3 dxe4 15. fxe4 Qe3+ 16. Rd2 Bg4 17. Qd4 Qxd4 18. cxd4 Nxe4 19. Rc2 Rad8 20. Bxe4 Rxe4 21. Bc5 Be6 22. Rf1 Bd5 23. Rff2 Re1+ 24. Kd2 Ra1 25. Kc3 a6 26. Rfe2 h5 27. Rb2 Rc1+ 28. Rec2 Rh1 29. h3 Kh7 30. Rb6 Ra8 31. Re2 Kg6 32. Re3 h4 33. Rb2 Rc1+ 34. Kd3 Rg1 35. Ree2 Rh8 36. Bd6 Rh5 37. Bh2 Rh1 38. Bf4 Rf5 39. Be3 Ra1 40. Kc3 Rff1 41. Rb6 Rfe1 42. Rxe1 Rxe1 43. Bf2 Re2 44. Bxh4 Rxa2 45. g3 f6 46. Rb8 a5 47. Rb1 Ra3+ 48. Kd2 a4 49. g4 Rxh3 50. Bf2 a3 0-1

[Event "SWE-chT 0001"]
[Site "Sweden"]
[Date "2000.10.14"]
[Round "1"]
[White "Jaderberg, Bjorn"]
[Black "Dzevlan, Miralem"]
[Result "0-1"]
[WhiteElo "2438"]
[BlackElo "2327"]
[PlyCount "84"]
[EventDate "2000.10.13"]
[EventType "team-tourn"]
[EventRounds "11"]
[EventCountry "SWE"]
[SourceTitle "EXT 2006"]
[Source "ChessBase"]
[SourceDate "2005.11.24"]
[SourceVersion "1"]
[SourceVersionDate "2005.11.24"]
[SourceQuality "1"]
[WhiteTeam "Farsta"]
[BlackTeam "Sollentuna"]
[WhiteTeamCountry "SWE"]
[BlackTeamCountry "SWE"]

1. c4 e5 2. Nc3 d6 3. g3 f5 4. Bg2 Nf6 5. e3 g6 6. Nge2 Bg7 7. d4 0-0 8. 0-0 c6 9. dxe5 dxe5 10. b3 Qa5 11. Bd2 Qc7 12. Qc2 Na6 13. a3 Be6 14. Rad1 Nc5 15. Bc1 a5 16. Bb2 Rfe8 17. Nc1 Qf7 18. Rfe1 e4 19. N3e2 Ng4 20. Bd4 Nd7 21. Nf4 Nge5 22. Nxe6 Qxe6 23. Qe2 Qe7 24. a4 Nc5 25. Bxe5 Qxe5 26. Qa2 Qb2 27. Re2 Qxa2 28. Rxa2 Red8 29. Rad2 Rxd2 30. Rxd2 Bc3 31. Rd1 Kf8 32. Bf1 Ke7 33. Be2 Bb2 34. Na2 Ba3 35. Rb1 Rd8 36. Nc3 Rd2 37. Bd1 Nd3 38. Be2 Nc5 39. Bd1 Bb2 40. Ne2 Nd3 41. h3 Be5 42. g4 Nb2 0-1

[Event "Stockholm IM"]
[Site "Stockholm"]
[Date "2000.06.14"]
[Round "5"]
[White "Matros, Alexander"]
[Black "Dzevlan, Miralem"]
[Result "1/2-1/2"]
[WhiteElo "2413"]
[BlackElo "2414"]
[PlyCount "83"]
[EventDate "2000.06.10"]
[EventType "tourn"]
[EventRounds "9"]
[EventCountry "SWE"]
[EventCategory "4"]
[SourceTitle "CBM 076 Extra"]
[Source "ChessBase"]
[SourceDate "2000.07.11"]
[SourceVersion "1"]
[SourceVersionDate "2000.07.11"]
[SourceQuality "1"]

1. e4 c5 2. Nf3 e6 3. Nc3 a6 4. d4 cxd4 5. Nxd4 Qc7 6. Bd3 Nf6 7. f4 d6 8. 0-0 Be7 9. Kh1 Nc6 10. Nxc6 bxc6 11. b3 0-0 12. Bb2 e5 13. f5 d5 14. Qf3 Bb7 15. Rae1 Rfe8 16. Nd1 dxe4 17. Bxe4 Nxe4 18. Qxe4 f6 19. Ne3 Bf8 20. Rd1 Rad8 21. Bc3 Kh8 22. Qa4 Rxd1 23. Rxd1 Bc5 24. Nc4 Rd8 25. Rf1 Rd5 26. Bb4 Ba7 27. Nb2 Bd4 28. c3 Be3 29. c4 Rd7 30. c5 Bh6 31. Ba5 Qc8 32. Nc4 Rd4 33. h3 Qd7 34. Qb4 Rd1 35. Rxd1 Qxd1+ 36. Qe1 Qxe1+ 37. Bxe1 Bc8 38. Nd6 Bd7 39. Nf7+ Kg8 40. Nxh6+ gxh6 41. g4 h5 42. Kg2 1/2-1/2

[Event "Stockholm IM"]
[Site "Stockholm"]
[Date "2000.06.10"]
[Round "1"]
[White "Eriksson, Johan"]
[Black "Dzevlan, Miralem"]
[Result "1-0"]
[WhiteElo "2364"]
[BlackElo "2414"]
[PlyCount "57"]
[EventDate "2000.06.10"]
[EventType "tourn"]
[EventRounds "9"]
[EventCountry "SWE"]
[EventCategory "4"]
[SourceTitle "CBM 076 Extra"]
[Source "ChessBase"]
[SourceDate "2000.07.11"]
[SourceVersion "1"]
[SourceVersionDate "2000.07.11"]
[SourceQuality "1"]

1. d4 Nf6 2. c4 g6 3. Nc3 d5 4. cxd5 Nxd5 5. e4 Nxc3 6. bxc3 Bg7 7. Nf3 c5 8. Rb1 0-0 9. Be2 Nc6 10. d5 Na5 11. c4 b6 12. Bg5 Bg4 13. Rc1 h6 14. Bh4 Bxf3 15. Bxf3 Qe8 16. 0-0 e5 17. dxe6 Qxe6 18. e5 Rae8 19. Bd5 Qxe5 20. Bg3 Qe2 21. Bd6 Qxa2 22. Bxf8 Rxf8 23. f4 Bf6 24. f5 g5 25. Qh5 Kg7 26. Rce1 Qd2 27. Bxf7 Rxf7 28. Re8 Bd4+ 29. Kh1 1-0